03860cam a2200397 i 450000100090000000300040000900500170001300800410003001000170007102000180008802000470010604000280015304200080018105000200018908200150020908400450022410000400026924501060030926400680041526400110048330000460049433600210054033700250056133800230058649000510060950400510066052012900071152011770200165000340317865000270321265000230323965000250326265000710328765000480335865000560340617779883OSt20250610123025.0130617t20132000maua b 001 0 eng  a 2013020203 a9781647826765 a9781422196021 (hardcover : acidfree paper) aDLCbengcDLCerdadDLC apcc00aHD53b.C49 201300a658bCHR/I aBUS019000aBUS071000aBUS0630002bisacsh1 aChristensen, Clayton M.,d1952-202014aThe innovator's dilemma :bwhen new technologies cause great firms to fail /cClayton M. Christensen. 1aBoston, Massachusetts :bHarvard Business Review Press,c[2013] 4c©2000 axvi, 291 pages :billustrations ;c25 cm. atext2rdacontent aunmediated2rdamedia avolume2rdacarrier0 aThe management of innovation and change series aIncludes bibliographical references and index. a"The bestselling classic on disruptive innovation, renowned author Clayton M. Christensen. His work is cited by the world's best-known thought leaders, from Steve Jobs to Malcolm Gladwell. In this classic bestseller-now updated with a fresh new package-innovation expert Clayton Christensen shows how even the most outstanding companies can do everything right-yet still lose market leadership. Read this international bestseller to avoid a similar fate. Clay Christensen-who authored the award-winning Harvard Business Review article "How Will You Measure Your Life?"-explains why most companies miss out on new waves of innovation. No matter the industry, he says a successful company with established products WILL get pushed aside unless managers know how and when to abandon traditional business practices. Offering both successes and failures from leading companies as a guide, The Innovator's Dilemma gives you a set of rules for capitalizing on the phenomenon of disruptive innovation. Sharp, cogent, provocative, and one of the most influential business books of all time-The Innovator's Dilemma is the book no manager or entrepreneur should be without. Add this newly released edition to your library. Published by Harvard Business Review Press"--cProvided by publisher. a"In this revolutionary bestseller, innovation expert Clayton M. Christensen says outstanding companies can do everything right and still lose their market leadership--or worse, disappear altogether. And not only does he prove what he says, but he tells others how to avoid a similar fate. Focusing on "disruptive technology," Christensen shows why most companies miss out on new waves of innovation. Whether in electronics or retailing, a successful company with established products will get pushed aside unless managers know when to abandon traditional business practices. Using the lessons of successes and failures from leading companies, The Innovator's Dilemma presents a set of rules for capitalizing on the phenomenon of disruptive innovation. Find out: When it is right not to listen to customers. When to invest in developing lower-performance products that promise lower margins. When to pursue small markets at the expense of seemingly larger and more lucrative ones. Sharp, cogent, and provocative, The Innovator's Dilemma is one of the most talked-about books of our time--and one no savvy manager or entrepreneur should be without"--cProvided by publisher. 0aCreative ability in business. 0aIndustrial management. 0aCustomer services. 0aSuccess in business. 7aBUSINESS & ECONOMICS / Decision-Making & Problem Solving.2bisacsh 7aBUSINESS & ECONOMICS / Leadership.2bisacsh 7aBUSINESS & ECONOMICS / Strategic Planning.2bisacsh